000 00366nam a2200145Ia 4500
008 240624s9999 xx 000 0 und d
041 _aeng
082 _a330 ARN
100 _aARNOLD ROGER A
245 _aPRINCIPLES OF ECONOMICS
250 _a(10th ed.)
260 _c2011
_aAustralia
_bCengage Learning
300 _axxxii, : 856 : p. : cm. ; 25
365 _c
_b25
999 _c26964
_d26964